header

Connecting medical informatics and bio-informatics (Record no. 77644)

MARC details
000 -LEADER
fixed length control field 01619nam a2200349Ia 4500
082 04 - DEWEY DECIMAL CLASSIFICATION NUMBER
Classification number 610.285
245 10 - TITLE STATEMENT
Title Connecting medical informatics and bio-informatics
260 ## - PUBLICATION, DISTRIBUTION, ETC. (IMPRINT)
Place of publication Amsterdam ; Oxford :
Name of publisher IOS Press,
Year of publication c2005.
300 ## - PHYSICAL DESCRIPTION
Number of Pages xix, 1032 p. :
Other physical details ill.
490 1# - SERIES STATEMENT
Series statement Studies in health technology and informatics,
650 #0 - SUBJECT ADDED ENTRY--TOPICAL TERM
Topical Term Bioinformatics
Topical Term Medical informatics
700 1# - ADDED ENTRY--PERSONAL NAME
Personal name Engelbrecht, R.
856 40 - ELECTRONIC LOCATION AND ACCESS
Uniform Resource Identifier http://site.ebrary.com/lib/rucke/Doc?id=10130649

No items available.

© 2026 Rongo University
Contact us: librarian | system librarian | Rongo university